000 00656nam a2200253Ia 4500
003 OSt
005 20221007062323.0
006 a|||||r|||| 00| 0
007 ta
008 221006b |||||||| |||| 00| 0 eng d
020 _cRs. 120/-
024 _a8,574
037 _cTextual
040 _aFLL
_cFLL
_beng
041 _2eng
_aeng
082 _aZ2:5zN7, L0.1
100 _aAgrawal S.K.
_9682594
245 0 _aAll-India criminal digest 1961-1970
260 _aAllahabad
_bLaw Book Co. India
_c1970
300 _axxx,1739p
_ccm.
490 _v1
942 _hZ2:5zN7, L0.1
_cTEXL
_2CC
999 _c1128298
_d1128298